000 00475nam a2200193Ia 4500
008 240510s9999 xx 000 0 und d
020 _a0000792386507
041 _aEng
082 _a006.32
082 _bF89
100 _aCHEN G. & YING M. & CAL : K.
245 0 _aFUZZY LOGIC AND SOFT COMPUTING
260 _bLONDON : KLUWER ACADEMIC PUBLISHERS
260 _c1999
300 _a294 p.
650 _aNEURAL NETWORKS : FUZZY LOGIC
942 _2ddc
942 _cLBK
999 _c26020
_d26020
945 _a1
_bMadushi Gamage
_c1
_dMadushi Gamage